|
|
|
|
| LEADER |
01005nam a2200337 4500 |
| 001 |
DLU090093510 |
| 005 |
##20091201 |
| 040 |
# |
# |
|a DLU
|b eng
|
| 041 |
# |
# |
|a eng
|
| 044 |
# |
# |
|a us
|
| 100 |
# |
# |
|a Imai, Takaretu.
|
| 245 |
# |
# |
|a Comparison of the recyclability of flame-retarded plastics /
|c Takaretu Imai, Stephan Hamm, Klaus P. Rothenbacher.
|
| 653 |
# |
# |
|a Chemical stability
|
| 653 |
# |
# |
|a Dioxin derivatives
|
| 653 |
# |
# |
|a Extrusion
|
| 653 |
# |
# |
|a Flame retardants
|
| 653 |
# |
# |
|a Pollutant formation
|
| 653 |
# |
# |
|a Recycling
|
| 653 |
# |
# |
|a Waste reuse
|
| 700 |
# |
# |
|a Hamm, Stephan.
|
| 700 |
# |
# |
|a Rothenbacher, Klaus P.
|
| 773 |
# |
# |
|t Environmental Science & Technology
|g Vol. 37, no. 3 (February 2003), p. 652-656
|
| 920 |
# |
# |
|a Phòng Tạp chí -- Trung tâm Thông tin - Thư viện Trường Đại học Đà Lạt
|
| 994 |
# |
# |
|a DLU
|
| 900 |
# |
# |
|a True
|
| 911 |
# |
# |
|a Trương Bảo Trâm Anh
|
| 925 |
# |
# |
|a G
|
| 926 |
# |
# |
|a A
|
| 927 |
# |
# |
|a BB
|
| 980 |
# |
# |
|a Thư viện Trường Đại học Đà Lạt
|